| 000 | 00797cam a2200253 a 4500 | ||
|---|---|---|---|
| 001 | 000006805 | ||
| 005 | 20200929154010.0 | ||
| 008 | 830718s1982 mx 001 f spa | ||
| 020 | _a9684342381 | ||
| 040 |
_aDO-SdBNP _bspa _cDLC _dBNPHU |
||
| 082 |
_aMe863.3 _bP695c |
||
| 100 | 1 |
_aPizarro, Nicolás, _d1830-1895. _q(Nicolás Pizarro Suárez) _918912 |
|
| 245 | 1 | 3 |
_aLa coqueta (1861) / _cNicolás Pizarro. |
| 260 |
_aMéxico, D.F. : _bPremia Editora, _c1982. |
||
| 300 |
_a200 p. ; _a21 cm. |
||
| 490 | 1 |
_aLa Matraca _v9 |
|
| 650 | 4 |
_aNovela mexicana _93959 |
|
| 650 | 4 |
_aLiteratura mexicana _91922 |
|
| 650 | 4 |
_aAmor _xNovela _918913 |
|
| 710 | 2 |
_aPublicaciones y bibliotecas Cultura SEP _918914 |
|
| 830 | 0 |
_aLa Matraca ; _v9 _917675 |
|
| 910 | _aCatalogación por copia / LC | ||
| 049 | _aBNGR | ||
| 999 |
_c6593 _d6593 |
||